000 00630nam a2200217Ia 4500
003 GCL
008 140319s9999 xx 000 0 ara d
040 _aGCL /
_cGCL
082 0 4 _aق
_b346.0562
_bه م
100 1 _aهاشم محمد مهنا
245 1 0 _aالأهلية والمجالس الحسبية فى مصر /
_cهاشم محمد مهنا
300 _a670
490 _aكتاب
_v0
650 0 4 _aالارث
650 0 4 _aالوصايا
650 0 4 _aقانون الاحوال الشخصية
650 0 4 _aالاهلية
650 0 4 _aاليتامى
650 0 4 _aالقانون المصرى
942 _2ddc
_cBK
999 _c42498
_d42498